| 000 | 00535nam a22001817a 4500 | ||
|---|---|---|---|
| 003 | BD-DhUL | ||
| 005 | 20181022101332.0 | ||
| 008 | 171120s1903 ii ||||| |||| 00| 0 per d | ||
| 040 |
_aBD-DhUL _cBD-DhUL |
||
| 082 |
_a891.551 _bNID |
||
| 100 | 1 | _aنیاز احمد، شاہ۔ | |
| 245 | 0 |
_aدیوان نیاز / _cشاہ نیاز احمد۔ |
|
| 246 | _aDiwan-e Niyaz | ||
| 260 |
_aلکھنو : _bمطبع نامے واقع، _c۱۹۰۳۔ |
||
| 300 |
_aص۔ ۱۰۶ ؛ _c۲۴ سم۔ |
||
| 650 | 4 | _aPersian poetry. | |
| 942 |
_2ddc _cBK |
||
| 999 |
_c232231 _d232231 |
||